身体调愈A~Z (Record no. 64770)

000 -LEADER
fixed length control field 00505nam a22001937a 4500
003 - CONTROL NUMBER IDENTIFIER
control field MPLRDC
005 - DATE AND TIME OF LATEST TRANSACTION
control field 20220104192543.0
008 - FIXED-LENGTH DATA ELEMENTS--GENERAL INFORMATION
fixed length control field 210129b ||||| |||| 00| 0 eng d
020 ## - INTERNATIONAL STANDARD BOOK NUMBER
International Standard Book Number 978-986-6323-32-4
082 ## - DEWEY DECIMAL CLASSIFICATION NUMBER
Classification number 418.98 HAY
100 ## - MAIN ENTRY--PERSONAL NAME
Personal name LOUISE L. HAY
245 ## - TITLE STATEMENT
Title 身体调愈A~Z
Statement of responsibility, etc. 张学健 译
250 ## - EDITION STATEMENT
Edition statement 初版
260 ## - PUBLICATION, DISTRIBUTION, ETC.
Place of publication, distribution, etc. 台湾
Name of publisher, distributor, etc. 生命潜能文化事业有限公司
Date of publication, distribution, etc. 2011
300 ## - PHYSICAL DESCRIPTION
Other physical details
490 ## - SERIES STATEMENT
Series statement 健康种子系列: 37
650 ## - SUBJECT ADDED ENTRY--TOPICAL TERM
Topical term or geographic name entry element 心灵疗法
942 ## - ADDED ENTRY ELEMENTS (KOHA)
Koha item type Book
-- 418.98 HAY
Holdings
Withdrawn status Lost status Source of classification or shelving scheme Damaged status Not for loan Collection code Home library Current library Shelving location Date acquired Cost, normal purchase price Total Checkouts Full call number Barcode Date last seen Date last checked out Price effective from Koha item type Public note
            Malaysian Public Library, Research and Development Centre Malaysian Public Library, Research and Development Centre   31/07/2013 40.00   418.98 HAY 00058909 18/03/2021 18/10/2014 18/03/2021 Book mplrdc

© 2022. Malaysian Public Library, Research and Development Centre. All Right ReservedE-mailmplrdc@help.edu.my 

Powered by Koha